| 000 | 00701nam a2200205 i 4500 | ||
|---|---|---|---|
| 001 | 180949 | ||
| 003 | ES-MaACL | ||
| 005 | 20251114154428.0 | ||
| 008 | 120903q19501959sp a |||| |dspa d | ||
| 100 | 1 |
_aWagner, Richard, _d1813-1883 _9240522 |
|
| 245 | 1 | 3 |
_aLa walkyra / _cRicardo Wagner ; versión de J. Martín ; portada e ilustraciones de Chaco. |
| 260 |
_aBarcelona : _bEdiciones G.P., _c[195-] |
||
| 300 |
_a64 p. : _bil. ; _c11 cm. |
||
| 490 | 1 |
_aEnciclopedia pulga ; _v148 |
|
| 700 | 1 |
_aChacopino Fabre, Joaquín. _9150736 |
|
| 700 | 1 |
_aMartín Quiroga, J., _9151397 |
|
| 830 | 0 |
_aEnciclopedia pulga ; _v148 _9191296 |
|
| 852 |
_aES-MaACL _j2311-F-37 |
||
| 999 |
_c180949 _d180949 |
||